000 00976nac a22002897a 4500
001 BR9801540
003 BR-BrBNA
005 20240105122056.0
008 230509b bl.|||m| |||| 00| 0 por d
040 _aBR-BrBNA
_bpor
_cBiblioteca Nacional de Agricultura
072 _aE40
090 _aE40 BR9801540
100 1 _aSobreira Filho, M.G.
110 1 _aUniversidade Federal Rural de Pernambuco, Recife (Brasil)
245 1 _aAs relacoes entre associativismo/coperativismo e extensao rural na formacao universitaria - o caso da UFRPE
260 3 _aRecife, PE (Brasil):
_c1997.
300 _a186 p.
490 _aTrabalho Tecnico - Universidade Federal Rural de Pernambuco (Brazil)
_vno. 4
_x
500 _aSummary (Pt); Bibliography 65-68
650 _aAssociativismo
650 _aCooperativismo
650 _aExtensao Rural
650 _aLegislacao Agraria
650 _aDecreto
909 _a202312
_bLúcia Elande
_c55
_dLúcia Elande
942 _2AGRIS
_n0
_cMS
999 _c289063
_d289063